Responses for show #3255 - Friday, October 30, 1998

Juliet Wiley game 5.

Contestants

Katie Clark, a choir accompanist from Gastonia, North Carolina

Michael Plank, a law student from Philadelphia, Pennsylvania

Juliet Wiley, a stay-at-home mom from Plano, Texas (whose 4-day cash winnings total $30,749)

Jeopardy! Round responses

ANNUAL EVENTS
SCIENTIFIC AMERICAN
(the magazine)
CLASSIC DISNEY FILMS
NAME THE SHAKESPEARE PLAY
MILITARY UNITS
THAT OLD "BLACK" MAGIC
    $100 12
(Alex: In my family, it was a tradition on many holidays!)

St. Patrick's Day

Michael
    $100 25
natural gas

Juliet
    $100 1
Dumbo

Katie
    $100 3
Julius Caesar

Michael
    $100 19
a platoon

Katie
    $100 2
blackjack

Michael
    $200 13
Alaska

Katie
    $200 26
brown

Michael
    $200 17
Mary Poppins

Katie
    $200 4
Romeo and Juliet

Michael
    $200 22
an armada

Michael
    $200 8
a black widow spider

Michael
    $300 14
the Kentucky Derby

Katie
    $300 28
lasers

Michael
    $300 18
The Absent-Minded Professor

Michael
    $300 5
Macbeth

Juliet
    $300 23
a division

Michael
    $300 9
Black Beauty

Katie
    $400 15
Thanksgiving

Michael
    $400 29
(Alex: They know how to have fun!)

butterflies

Triple Stumper
    $400 20
(Katie: What is Cinderella?)

Sleeping Beauty

Katie
Triple Stumper
    $400 6
(Katie: What is The Merchant of Venice?)

Hamlet (Polonius)

MichaelKatie
    $400 24
a troop

Juliet
    $400 10
Blacksmith

Juliet
    $500 16
Hannibal, Missouri

Katie
    $500 30
the Sun

Triple Stumper
    $500 21
Annette Funicello

Michael
    $600 7
(Michael: What is Midsummer Night's Dream?)

The Merchant of Venice

Michael
    $500 27
a squad

Juliet
    $500 11
Blackbeard

Katie

Scores at the first commercial break (after clue 12):

Juliet Michael Katie
$700 $500 $500

Scores at the end of the Jeopardy! Round:

Juliet Michael Katie
$1,700 $2,700 $1,400

Double Jeopardy! Round responses

LET'S VISIT AUSTRIA
CREATION STORIES
TURNING 40 IN '98
HERBS & SPICES
PIANO KEYS
SPOOKS
(Alex: In honor of Halloween, but this category has to do with the other kind of spooks, the spies.)
    $200 19
Ernest Hemingway

Juliet
    $200 22
the Nile

Juliet
    $200 1
Orel Hershiser

Katie
    $200 6
poppy seeds

Katie
    $200 13
A

Juliet
    $200 3
Mata Hari

Michael
    $400 27
Innsbruck

Juliet
    $400 23
(Katie: What is "And it was good"?)

"Let there be light"

MichaelKatie
    $400 2
Angela Bassett

Michael
    $400 7
peppermint

Katie
    $400 14
ebony

Juliet
    $400 4
Iran

Juliet
    $1,000 28
(Juliet: Who was Edward the Confessor?)

Richard the Lionhearted (on his way back from one of the Crusades)

Juliet
    $600 24
(Alex: About a minute to go.)

a coyote

Michael
    $600 5
(Alex: And we are indebted of course to NASA for allowing the astronauts to provide us with some clues, and they'll be seen on upcoming clues--from space.)

NASA (the National Aeronautics and Space Administration)

Juliet
    $600 8
a bay leaf

Juliet
    $600 15
E

Michael
    $600 16
Spy vs. Spy

Michael
    $800 25
(Michael: What is rain?)

milk

Michael
Triple Stumper
    $800 11
Tim Burton

Juliet
    $800 9
saffron

Juliet
    $800 20
C & D

Katie
    $800 17
Joseph Stalin

Michael
    $1000 26
chaos

Katie
    $1000 12
Keenen Ivory Wayans

Juliet
    $1000 10
cloves

Juliet
    $1000 21
middle C

Katie
    $1000 18
Willy Brandt

Triple Stumper

Scores at the end of the Double Jeopardy! Round:

Juliet Michael Katie
$7,300 $5,500 $4,600

[wagering suggestions for these scores]

Final Jeopardy! Round responses

HALLOWEEN ON FILM
(Alex: Janet Leigh, married to Tony Curtis, father of Jamie Lee Curtis.)
...
(Alex: Juliet, looks like you were going for the actor, not the role.)
...
(Alex: We may see Juliet back in the Tournament of Champions, we don't know yet.)
KatieWho was Harry Houdini?
$3,000
MichaelWho was Smith
$5,500
JulietWho is Tony Curtis?
$4,000
Harry Houdini

Final scores:

Juliet Michael Katie
$3,300 $0 $7,600
2nd place: Trip to "Shipwreck '98" festival on the Queen Mary in Long Beach, California 3rd place: Trip to "Knott's Scary Farm" in Buena Park, California New champion: $7,600

Game dynamics:

Coryat scores:

Juliet Michael Katie
$8,300 $6,100 $4,600
17 R
(including 1 DD),
1 W
(including 1 DD)
20 R,
2 W
(including 1 DD)
14 R,
3 W

Combined Coryat: $19,000

The J! Archive is created by fans, for fans. The Jeopardy! game show and all elements thereof, including but not limited to copyright and trademark thereto, are the property of Jeopardy Productions, Inc. and are protected under law. This website is not affiliated with, sponsored by, or operated by Jeopardy Productions, Inc. Join the discussion at JBoard.tv.